00484cam a2200181 a 4500001000800000005001700008008004100025010001700066020002800083040001800111041000800129080002000137082002400157100000700181101000800188245007600196504003000272378805220180124075342.0841205s1985 nyua b 001 0 eng  a 84026440  a0030698812 (alk. paper) aDLCcDLCdDLC aeng a304.660951 sun00a304.660951 sun2191 a16 ahis10aPopulation control in China :cJian Song, Chi-Hsien Tuan, Jing-Yuan Yu. aBibliography: p. 287-291.